MDQL
is popping MORE tags! Check the
thread
!
Quizzes
Events
Quiz Creation
Community
Videos
Private Events
Remove Ads
Sign In
Join for FREE
Feedback
Dark Mode
Quiz Categories
Sports
Geography
Music
Movies
Television
Just For Fun
Miscellaneous
History
Literature
Language
Science
Gaming
Entertainment
Religion
Holiday
For Kids
Quiz Lab
Recent
Popular Today
Quiz Kudos Today
Editor Picks
Curator Picks
Quizzes by...
Day
Popularity
Type
Ratings
Length
Year
Community
Subscriptions
Recent Discussions
Orange Saloon
Badges
Playlists
Quests
Create
Leaderboards
Showdown
Live 5
Trivia Bingo
Activity
Puzzle Library
Sporcle Events
Private Events
Virtual Trivia
Globe League
Become a Host
Pub Owners
SporcleCon
Opinionation
Our Games
Videos
Blog
Mobile Apps
Partnerships
Remove Ads and Go Orange
Feedback
Gaming
Video Games
Board Games
Card Games
Pokémon
Mario
Nintendo
Minecraft
Console
Toys
Legend of Zelda
Gaming
Video Games
Board Games
Card Games
Pokémon
Mario
Nintendo
Minecraft
Console
Toys
Legend of Zelda
Random Quiz
Search Sporcle
×
Quiz Lab
Quiz Lab
Gaming
boss
Type in answers that appear in a list
Type in answers that appear in a list
Classic
Best Score? Go Orange.
WoW Molten Core Loot Stats
Can you name the epic loots from every molten core boss?
By
TheGrimace
15m
186 Questions
21 Plays
21 Plays
21 Plays
Comments
Comments
Give Quiz Kudos
Give Quiz Kudos
-
- Ratings
hide this ad
Replay
Link that replays current quiz
Next Quiz
Link to next quiz in quiz playlist
You Got
0%
They Got
Avg Score
13%
Avg Friend Score
Upgrade to see
Score Distribution
Jump to the score distribution portion of the page
Score
0/186
Timer
15:00
0
Plays Today
Loot
% Correct
Helm of Might
57.1%
Pauldrons of Might
52.4%
Core Hound Tooth
42.9%
Perdition's Blade
42.9%
Cenarion Helm
38.1%
Sulfuron Ingot
38.1%
Nightslayer Chestpiece
38.1%
Breastplate of Might
38.1%
Quick Strike Ring
33.3%
Obsidian Edged Blade
33.3%
Quick Strike Ring
33.3%
Obsidian Edged Blade
33.3%
Sabatons of Might
33.3%
Nightslayer gloves
33.3%
Obsidian Edged Blade
33.3%
Quick Strike Ring
33.3%
Cenarion Boots
33.3%
Nightslayer Pants
33.3%
Cenarion Leggings
33.3%
Obsidian Edged Blade
33.3%
Quick Strike Ring
33.3%
The Eye of Divinity
33.3%
Arcanist Gloves
33.3%
Nightslayer Boots
33.3%
Talisman of Ephemeral Power
28.6%
Arcanist Crown
28.6%
Felheart Horns
28.6%
Giantstalker's Helm
28.6%
Talisman of Ephemeral Power
28.6%
Arcanist Robes
28.6%
Talisman of Ephemeral Power
28.6%
Felheart Gloves
28.6%
Giantstalker's Leggings
28.6%
Talisman of Ephemeral Power
28.6%
Legplates of Wrath
28.6%
Cenarion Gloves
28.6%
Cenarion Spaulders
23.8%
Felheart Shoulder Pads
23.8%
Brutality Blade
23.8%
Aurastone Hammer
23.8%
Lawbringer Helm
23.8%
Drillborer Disk
23.8%
Giantstalker's Boots
23.8%
Felheart Robes
23.8%
Robes of Prophecy
23.8%
Azuresong Mageblade
23.8%
Lawbringer Boots
23.8%
Legplates of Might
23.8%
Ancient Petrified Leaf
23.8%
Nightslayer Cover
19%
Sorcerous Dagger
19%
Cenarion Vestments
19%
Gauntlets of Might
19%
Arcanist Boots
19%
Sorcerous Dagger
19%
Arcanist Leggings
19%
Finkle's Lava Dredger
19%
Nemesis Leggings
19%
Felheart Slippers
19%
Sorcerous Dagger
19%
Nightslayer Shoulder Pads
19%
Giantstalker's Epaulets
19%
Loot
% Correct
Sorcerous Dagger
19%
Lawbringer Spaulders
14.3%
Lawbringer Gauntlets
14.3%
Staff of Dominance
14.3%
Giantstalker's Breastplate
14.3%
Lawbringer Chestguard
14.3%
Felheart Pants
14.3%
Bloodfang Pants
14.3%
Stormrage Legguards
14.3%
Crown of Destruction
14.3%
Giantstalker's Gloves
14.3%
Circlet of Prophecy
9.5%
Earthfury Helmet
9.5%
Earthfury Gauntlets
9.5%
Gloves of Prophecy
9.5%
Manastorm Leggings
9.5%
Ring of Spell Power
9.5%
Salamander Scale Pants
9.5%
Earthfury Vestments
9.5%
Earthfury Boots
9.5%
Ring of Spell Power
9.5%
Manastorm Leggings
9.5%
Salamander Scale Pants
9.5%
Pants of Prophecy
9.5%
Striker's Mark
9.5%
Earthfury Legguards
9.5%
Lawbringer Legplates
9.5%
Cauterizing Band
9.5%
Band of Accuria
9.5%
Leggings of Transcendence
9.5%
Netherwind Pants
9.5%
Dragonstalker's Legguards
9.5%
Boots of Prophecy
9.5%
Ring of Spell Power
9.5%
Manastorm Leggings
9.5%
Salamander Scale Pants
9.5%
Mantle of Prophecy
9.5%
Shadowstrike
9.5%
Manastorm Leggings
9.5%
Ring of Spell Power
9.5%
Salamander Scale Pants
9.5%
Deep Earth Spaulder
4.8%
Flamewalker Legplates
4.8%
Fire Runed Grimoire
4.8%
Aged Core Leather Gloves
4.8%
Flameguard Gauntlets
4.8%
Magma Tempered Boots
4.8%
Aged Core Leather Gloves
4.8%
Flameguard Gauntlets
4.8%
Flamewalker Legplates
4.8%
Magma Tempered Boots
4.8%
Mana Igniting Cord
4.8%
Fire Runed Grimoire
4.8%
Crimson Shocker
4.8%
Wristguards of Stability
4.8%
Heavy Dark Iron Ring
4.8%
Robe of Volatile Power
4.8%
Flameguard Gauntlets
4.8%
Mana Igniting Cord
4.8%
Aged Core Leather Gloves
4.8%
Fire Runed Grimoire
4.8%
Magma Tempered Boots
4.8%
Loot
% Correct
Choker of Enlightenment
4.8%
Crimson Shocker
4.8%
Heavy Dark Iron Ring
4.8%
Robe of Volatile Power
4.8%
Wristguards of Stability
4.8%
Earthshaker
4.8%
Medallion of Steadfast Might
4.8%
Aged Core Leather Gloves
4.8%
Fire Runed Grimoire
4.8%
Flameguard Gauntlets
4.8%
Magma Tempered Boots
4.8%
Mana Igniting Cord
4.8%
Legplates of Ten Storms
4.8%
Malistar's Defender
4.8%
Judgement Legplates
4.8%
Spinal Reaper
4.8%
Crimson Shocker
4.8%
Heavy Dark Iron Ring
4.8%
Robe of Volatile Power
4.8%
Wristguards of Stability
4.8%
Crimson Shocker
4.8%
Heavy Dark Iron Ring
4.8%
Robe of Volatile Power
4.8%
Wristguards of Stability
4.8%
Seal of the Archmagnus
0%
Archanist Mantle
0%
Mana Ignited Cord
0%
Sabatons of the Flamewalker
0%
Gutgore Ripper
0%
Deep Earth Spaulders
0%
Sabatons of the Flamewalker
0%
Helm of the Lifegiver
0%
Flamewaker Legplates
0%
Blastershot Launcher
0%
Deep Earth Spaulders
0%
Sabatons of the Flamewalker
0%
Flamewaker Legplates
0%
Flamewaker Legplates
0%
Helm of the Lifegiver
0%
Eskhandar's Right Claw
0%
Deep Earth Spaulders
0%
Flamewaker Legplates
0%
Sabatons of the Flamewalker
0%
Wristguards of True Flight
0%
Gloves of the Hypnotic Flame
0%
Sash of Whispered Secrets
0%
Core Forged Greaves
0%
Fireguard Shoulders
0%
Fireproof Cloak
0%
Wild Growth Spaulders
0%
Onslaught Girdle
0%
Choker of the Fire Lord
0%
Dragon's Blood Cape
0%
Essence of the Pure Flame
0%
Cloak of the Shrouded Mists
0%
Band of Sulfuras
0%
Shard of the Flame
0%
Bonereaver's Edge
0%
Helm of the Lifegiver
0%
Flamewaker Legplates
0%
Flamewaker Legplates
0%
Helm of the Lifegiver
0%
Quiz Playlist
Details
Report
Send in Message
Add To Playlist
Classic:
Type in answers that appear in a list
Quiz Source
Last Updated: Feb 16, 2017
Quiz Scoreboard
CHALLENGE
Sign Up to Join the Scoreboard
Show All
Scores
Hide
Comments
May contain spoilers
Recently Published
Find the 'City' Movie
by crazypaving
Movies
60s
5x2 Blitz: Bands
by SL_Kpop136
Music
30s
Colored Red Africa Blitz
by spor1
Geography
30s
More to Explore
Quiz From the Vault
Featured Blog Post
14 Easter Pick-up Lines to Find Eggs With
hide this ad
You Might Also Like...
Tags
boss
core
epic
Today's Top Quizzes in Gaming
Browse Gaming
hide this ad
Today's Top Quizzes in boss
Browse boss
Top Contributed Quizzes in Gaming
1
Dead By Daylight Logic Puzzle
2
Destiny 2 exotic weapons by perk icons
3
League of Legends Pro Players by Career/Team History
4
Genshin Impact Logic Puzzle Quiz II
5
Windmill: Elements
6
Minecraft Typing Challenge
7
Pokémon Spelling Bee
8
Genshin murder mystery
9
Legendary or Exotic?
10
Overwatch 2: Ultimate Ability Icons
Explore More
Trending Topics
Harry Potter
Crossword
NBA
Anime
Marvel
Disney
Kpop
Country
The Office
Soccer
Puzzle
Song
WWE
Pokémon
NFL
hide this ad
More By:
TheGrimace
Quiz
Plays
Rating
Category
Featured
Created
Futurama Monument Beach
169
5.00
Television
Oct 7, 2010
Benders top 10 words
145
2.80
Television
Oct 7, 2010
Nick Drake Albums
115
5.00
Music
Oct 8, 2010
Some Polyatomic Ions
59
5.00
Science
Oct 6, 2010
Polyatomic Ion Formulas
31
Science
Oct 6, 2010
Go to Creator's Profile
Score Distribution
Quiz Creator Spotlight
TheGrimace
Follow
Send a Message
Quizzes Created
-
Created Quiz Play Count
-
More By This Creator
Popular Quizzes Today
1
Colored Red Africa Blitz
2
Find the 'City' Movie
3
5x2 Blitz: Bands
4
Find the US States - No Outlines Minefield
5
The Countries of the World
6
Find the US States
7
US States
8
9x9 Crossword: Cartoon Network
More Gaming Quizzes
Highest Pokemon Base Stats (IX)
Quiz Lab
Trending Quizzes
Colored Red Europe Blitz I
Colored Red Africa Blitz II
Colored Red Europe Blitz II
Colored Red Europe Blitz III
Colored Red Africa Blitz III
Recently Updated
Famous TV Couples
Peacemaker
Champions League XIs: Real Madrid
pecheneg
Largest US Cities 1790-2010
pecheneg
Rides in Walt Disney World
pecheneg
Most Oscar Losses (Acting)
pecheneg
Beyoncé Albums
pecheneg
Leaping Animals
pecheneg
Reality TV Shows (A-Z)
bhenderson79
Rickey Henderson's Hall of Fame Teammates
pecheneg
Champions League XIs: Arsenal
pecheneg
Trending Topics
NBA
Disney
Crossword
Kpop
Marvel
Anime
Harry Potter
The Office
Song
Country
WWE
Pokémon
Puzzle
Soccer
NFL
Your Account Isn't Verified!
In order to create a playlist on Sporcle, you need to verify the email address you used during registration. Go to your
Sporcle Settings
to finish the process.
Report this User
Report this user for behavior that violates our
Community Guidelines
.
Details:
Send Report
Go to the Sporcle.com Mobile Site →
Comments